Physics. I PUC. (Record no. 99811)
[ view plain ]
| 000 -LEADER | |
|---|---|
| fixed length control field | 00418nam a2200157Ia 4500 |
| 008 - FIXED-LENGTH DATA ELEMENTS--GENERAL INFORMATION | |
| fixed length control field | 210210b1996 xxu||||| |||| 00| 0 eng d |
| 020 ## - INTERNATIONAL STANDARD BOOK NUMBER | |
| International Standard Book Number | 0 07 462060 6 |
| 082 ## - DEWEY DECIMAL CLASSIFICATION NUMBER | |
| Classification number | 530 CHAP |
| 100 ## - MAIN ENTRY--PERSONAL NAME | |
| Personal name | CHANNAPPA (K H) & NAGARAJU (P). |
| 245 ## - TITLE STATEMENT | |
| Title | Physics. I PUC. |
| 260 ## - PUBLICATION, DISTRIBUTION, ETC. | |
| Place of publication, distribution, etc. | ND |
| Name of publisher, distributor, etc. | Tata McGraw-Hill Publishing Company Ltd. |
| Date of publication, distribution, etc. | 1996 |
| 300 ## - PHYSICAL DESCRIPTION | |
| Extent | xi,407 |
| 650 ## - SUBJECT ADDED ENTRY--TOPICAL TERM | |
| Topical term or geographic name entry element | TMH physics I PUC text |
| 690 ## - LOCAL SUBJECT ADDED ENTRY--TOPICAL TERM (OCLC, RLIN) | |
| Topical term or geographic name as entry element | Physics |
| 906 ## - LOCAL DATA ELEMENT F, LDF (RLIN) | |
| a | 051001 |
| Withdrawn status | Lost status | Damaged status | Not for loan | Collection code | Home library | Current library | Shelving location | Date acquired | Cost, normal purchase price | Total Checkouts | Full call number | Barcode | Date last seen | Price effective from | Koha item type |
|---|---|---|---|---|---|---|---|---|---|---|---|---|---|---|---|
| Discarded | St Aloysius Library | St Aloysius Library | 02/17/2021 | 0.00 | 530 CHAP | 051003 | 02/17/2021 | 02/17/2021 | Book | ||||||
| Discarded | St Aloysius Library | St Aloysius Library | 02/17/2021 | 0.00 | 530 CHAP | 051004 | 02/17/2021 | 02/17/2021 | Book | ||||||
| St Aloysius Library | St Aloysius Library | 02/17/2021 | 0.00 | 530 CHAP | 051005 | 02/17/2021 | 02/17/2021 | Book | |||||||
| Discarded | St Aloysius Library | St Aloysius Library | 02/17/2021 | 0.00 | 530 CHAP | 051002 | 02/17/2021 | 02/17/2021 | Book | ||||||
| Discarded | Reference Book | St Aloysius Library | St Aloysius Library | 02/17/2021 | 0.00 | 530 CHAP | 051001 | 02/17/2021 | 02/17/2021 | Book |